| 000 | 00425nam a22001577a 4500 | ||
|---|---|---|---|
| 999 |
_c17540 _d17540 |
||
| 003 | OSt | ||
| 005 | 20221109151438.0 | ||
| 008 | 221104b ||||| |||| 00| 0 eng d | ||
| 040 | _c0 | ||
| 100 |
_aPunay, Edu _946636 |
||
| 245 | _aHouse panel OKs 14 new protected areas / | ||
| 260 |
_aPhilippines ; _cFebruary 19, 2020 _bThe Philippine Star, |
||
| 300 | _apage 8 | ||
| 650 |
_aEnvironmental Work _946637 |
||
| 942 |
_2ddc _cPER |
||